| 000 | 00418nam a22001697a 4500 | ||
|---|---|---|---|
| 005 | 20250917122506.0 | ||
| 008 | 250917b |||||||| |||| 00| 0 eng d | ||
| 020 | _a978-93-86700-36-0 | ||
| 041 | _aeng | ||
| 100 |
_aKUMAR, PUSPENDRA _98696 |
||
| 245 | _aA TEXTBOOK OF PHARMACEUTICAL ANALYSIS | ||
| 250 | _a13TH ED. 2023 | ||
| 260 |
_aPUNE _bNIRALI PRAKASHAN |
||
| 300 | _aA.4;P | ||
| 650 | _aPHARMACY | ||
| 942 | _cBK | ||
| 999 |
_c8830 _d8828 |
||